02122cam a22002894a 4500020001500000020001800015040000800033082002600041110001600067245006100083260004700144300003100191490003100222520117100253650002301424650005301447650003001500650001801530650003401548650001901582650004601601650003701647650004001684650003101724710001601755856006101771 a0821373900 a9780821373910 cDDC a332 THE 2008 A077 Or.2 aWorld Bank.10aGlobal Development Finance 2008 (Complete Print Edition) aWashington, D.C. :bThe World Bank,c2008. a1 online resource (431 p.)1 aGlobal Development Finance3 aGlobal Development Finance-the World Bank's annual report on the external financing of developing countries-provides monitoring and analysis of development finance, identifying key emerging trends and policy challenges in international financial flows that are likely to affect the growth prospects of developing countries. As major financial institutions currently recognize losses from the U.S. subprime mortgage market crisis and rebuild their balance sheets through a more conservative approach to lending and risk management, the central theme of this year's report will be the market for international bank credit to developing countries.It is an indispensable resource for governments, economists, investors, financial consultants, academics, bankers, and the entire development community. Vol I: Analysis and Statistical Appendix reviews recent trends in financial flows to developing countries. Vol II. Summary and Country Tables* includes comprehensive data for 138 countries, as well as summary data for regions and income groups. Also available on CD-ROM, with more than 200 historical time series from 1970 to 2006, and country group estimates for 2007. 4aAccess to Finance. 4aBankruptcy and Resolution of Financial Distress. 4aBanks and Banking Reform. 4aDebt Markets. 4aEconomic Theory and Research. 4aExternal Debt. 4aFinance and Financial Sector Development. 4aInternational Economics & Trade. 4aMacroeconomics and Economic Growth. 4aStrategic Debt Management.2 aWorld Bank.40uhttp://elibrary.worldbank.org/content/book/9780821373903